| 000 | 00985nam a22002297a 4500 | ||
|---|---|---|---|
| 001 | 2639 | ||
| 003 | FISKH | ||
| 005 | 20240115093427.0 | ||
| 008 | 240108b cb ||||| |||| 00| 0 eng d | ||
| 020 | _a350530014661 | ||
| 040 |
_aFISKH _beng _cFISKH _dFISKH |
||
| 050 | _aPZ7.L87734 | ||
| 082 | _a813.6 | ||
| 100 | _aDRAKE, Tony | ||
| 245 |
_aHalf a chance / _cTony Drake |
||
| 250 | _aReprinted 1983 | ||
| 260 |
_aLondon : _bCollins, _c1982 |
||
| 300 |
_a174 pages : _c22 cm |
||
| 520 | _aKasinski sang into the mike and the rest of the band, the Level Heads, joined in the chorus. It was their great moment! At last they had a gig. All those hours of rehearsals, all those set-backs, problems and disappointments, and now they were being asked for an encore! Shakes had started it: he had always wanted to play in a band, and as there was no band he could join, why not form his own? easier said than done. | ||
| 650 |
_aChorus _vJuvenile Literature |
||
| 942 |
_2ddc _cBK _n0 |
||
| 999 |
_c2639 _d2639 |
||